000 00345nam a2200145Ia 4500
008 230917s9999||||xx |||||||||||||| ||und||
040 _e194001
_aMAIN
041 _aEnglish
082 _a621.815 J564M
100 _aJindal, U C
245 0 _aMachine design
260 _aNoida
_bPearson Education
_c2010
300 _axi, 872 p.
942 _cBK
999 _c157589
_d157589